[Event "Moscow Aeroflot op-A 14th"]
[Site "Moscow"]
[Date "2015.03.29"]
[Round "3"]
[White "Ponkratov, Pavel"]
[Black "Sasikiran, Krishnan"]
[Result "0-1"]
[WhiteElo "2613"]
[BlackElo "2682"]
[Annotator "CB"]
[PlyCount "98"]
[EventDate "2015.03.27"]
[EventType "swiss"]
[EventRounds "9"]
[EventCountry "RUS"]
[SourceTitle "CBM 166"]
[Source "ChessBase"]
[SourceDate "2015.05.11"]
[SourceVersion "1"]
[SourceVersionDate "2015.05.11"]
[SourceQuality "1"]

1. e4 e5 2. Nf3 Nc6 3. d4 exd4 4. Nxd4 Nf6 5. Nxc6 bxc6 6. e5 Qe7 7. Qe2 Nd5 8.
c4 Ba6 9. Nd2 g6 10. Nf3 Bg7 11. Bg5 f6 12. exf6 Qxe2+ 13. Bxe2 Nxf6 14. O-O-O
O-O-O {Black obviously equalized without problems. He was able to eliminate
White's center and he has no real structural weaknesses: he will be able to
play d6 and c5 securing good positions for all of his pieces, the a7 pawn is
not easily attacked.} 15. Rhe1 Rde8 16. Nd2 {White initates a knight maneuver
that is as bad as it is long.} c5 17. Nb3 Bb7 18. g3 d6 19. Na5 Ba8 {By now it
is quite clear the knight doesn't belong on a5.} 20. Bf1 Ng4 21. Bh3 h5 22. Be3
Rhf8 23. f4 Kd8 {The h2 pawn and the e3 bishop are hanging. White's pieces are
discoordinated.} 24. Rd3 (24. Bg1 Bf3 25. Rxe8+ Rxe8 26. Rf1 Ba8 {concedes the
e-file and the game.}) 24... Bd4 $2 (24... Nxh2 {was simply a free pawn.}) 25.
Bxg4 hxg4 26. Nb3 Bxe3+ 27. Rdxe3 Rxe3 28. Rxe3 Rh8 29. Re2 Bf3 30. Rf2 Re8 {
Black is slightly better due to his powerful piece placement and easier play.
However White has decent chances of holding.} 31. Kd2 Kd7 32. Na1 Re4 $1 33. b3
Rd4+ 34. Ke3 Re4+ 35. Kd2 Rd4+ 36. Ke3 Rd1 37. Nc2 Rh1 38. Kd2 Rd1+ 39. Kc3 c6
40. Ne3 Rh1 41. Nf1 {Black's rook is trapped, but it does not matter. White
has no activity and the passed pawn on the d-file will provide enough
distraction for White's pieces.} d5 42. Nd2 $2 (42. b4 {was probably the only
way to keep fighting, but things still look grim.}) 42... d4+ 43. Kc2 Ke6 44.
Kb2 (44. Kd3 Re1 45. Nxf3 Re3+ 46. Kc2 gxf3 $17) 44... Kf5 45. Kc2 Re1 46. Kb2
Be2 {White has lost any semblance of coordination and Black's pieces are
strong enough to push the d-ppawn.} 47. Kc2 d3+ 48. Kb2 Rd1 49. Nb1 Rxb1+ (
49... d2 {also works, but the played move is much , much easier.} 50. Nxd2
Rxd2+ 51. Kc1 Rxa2 52. Kb1 Rd2 53. Kc1 Rd1+ 54. Kc2 Bf3 $1 {with a winning
pawn endgame if White takes on f3!}) 0-1

[Event "Jermuk FIDE GP (Women)"]
[Site "Jermuk"]
[Date "2012.07.26"]
[Round "9"]
[White "Ruan, Lufei"]
[Black "Zhao, Xue"]
[Result "1-0"]
[WhiteElo "2483"]
[BlackElo "2556"]
[Annotator "CB"]
[PlyCount "97"]
[EventDate "2012.07.16"]
[EventType "tourn"]
[EventRounds "11"]
[EventCountry "ARM"]
[EventCategory "11"]
[SourceTitle "CBM 150"]
[Source "ChessBase"]
[SourceDate "2012.09.14"]
[SourceVersion "1"]
[SourceVersionDate "2012.09.14"]
[SourceQuality "1"]

{The game of the day was an attractive and instructive win by Ruan against
Zhao Xue. After the opening, a complicated position arose, and on move 19,
Black erred, allowing White to uncork an impressive tactical combination} 1. e4
e5 2. Nf3 Nc6 3. d4 exd4 4. Nxd4 Nf6 5. Nxc6 bxc6 6. e5 Qe7 7. Qe2 Nd5 8. c4
Ba6 9. b3 g6 10. g3 Bg7 11. Bb2 O-O 12. Bg2 Rae8 13. O-O Nb6 14. Re1 f6 15. e6
Qd6 16. Ba3 c5 17. Nc3 Rxe6 18. Ne4 Qe7 19. Qd2 d6 $2 ({Black should have
chosen} 19... Re8 20. Bxc5 d6 21. Be3 Bb7 22. Nxf6+ Bxf6 23. Bxb7 Bxa1 24. Rxa1
Rxe3 25. fxe3 Qxe3+ 26. Qxe3 Rxe3) 20. Nxc5 dxc5 21. Qa5 {and White secured a
significant advantage.} f5 22. Bxc5 Rxe1+ 23. Rxe1 Bc3 24. Bxe7 Bxa5 25. b4
Bxb4 26. Bxb4 Rd8 27. c5 Nd5 28. Ba5 Bc4 29. Rd1 Rd7 30. c6 Rd6 31. Bxc7 Rxc6
32. Rc1 Nxc7 33. Bxc6 Bxa2 34. Ra1 Bc4 35. Rxa7 Ne6 36. Ra4 Bb3 37. Rb4 Ba2 38.
Bb5 Bd5 39. Bc4 Bxc4 40. Rxc4 Kg7 41. f4 Kf6 42. Kf2 h6 43. Rc6 Kf7 44. Ke3 h5
45. h4 Nf8 46. Kd4 Nd7 47. Kd5 Nf6+ {[#]} 48. Rxf6+ Kxf6 49. Kd6 {and White
forces the black king into zugzwang, an instructional position for aspiring
chess players.} 1-0

[Event "Corus-B"]
[Site "Wijk aan Zee"]
[Date "2010.01.23"]
[Round "7"]
[White "Howell, David"]
[Black "Nyback, Tomi"]
[Result "1-0"]
[WhiteElo "2606"]
[BlackElo "2643"]
[Annotator "CB"]
[PlyCount "45"]
[EventDate "2010.01.16"]
[EventType "tourn"]
[EventRounds "13"]
[EventCountry "NED"]
[EventCategory "16"]
[SourceTitle "CBM 135"]
[Source "ChessBase"]
[SourceDate "2010.03.17"]
[SourceVersion "1"]
[SourceVersionDate "2010.03.17"]
[SourceQuality "1"]

{With Giri fighting to a draw against L'Ami, the chasing pack was ripe for a
shake-up, of which British Champion Howell was happy to take part.} 1. e4 e5 2.
Nf3 Nc6 3. d4 exd4 4. Nxd4 Bc5 5. Be3 Qf6 6. c3 Nge7 7. Bc4 Ne5 8. Be2 Qg6 9.
O-O d6 10. Kh1 O-O 11. Nd2 Ng4 12. Bf4 Nc6 13. f3 Nge5 14. Be3 $146 ({
deviating from} 14. Nxc6 {Mussanti-Popa (2002).}) 14... Bb6 15. f4 Nxd4 16.
cxd4 Nc6 17. f5 Qf6 18. e5 (18. Nf3 {bolstering the d-pawn and garnering
threats to ensnare Black's queen may have been a better try.}) 18... dxe5 19.
Ne4 Qd8 20. Bc4 Na5 ({With} 20... exd4 {standing as a viable alternative, the
text proves unsavoury.}) 21. f6 Bxd4 {was the straw that broke the camel's
back. Either of} (21... g6) (21... Nxc4 {were viable.}) 22. fxg7 Kxg7 23. Bg5 {
With his king's position compromised, and White's heavy artillery lying in
wait, Nyback sagely admitted defeat.} 1-0

[Event "RUS-chT 21st"]
[Site "Loo"]
[Date "2014.04.13"]
[Round "7.1"]
[White "Nepomniachtchi, Ian"]
[Black "Svidler, Peter"]
[Result "1/2-1/2"]
[WhiteElo "2732"]
[BlackElo "2756"]
[Annotator "CB"]
[PlyCount "57"]
[EventDate "2014.04.07"]
[EventType "team-swiss"]
[EventRounds "7"]
[EventCountry "RUS"]
[SourceTitle "CBM 160"]
[Source "ChessBase"]
[SourceDate "2014.05.15"]
[SourceVersion "1"]
[SourceVersionDate "2014.05.15"]
[SourceQuality "1"]
[WhiteTeam "Moscow Inheritance"]
[BlackTeam "St Petersburg"]
[WhiteTeamCountry "RUS"]
[BlackTeamCountry "RUS"]

1. e4 e5 2. Nf3 Nc6 3. d4 {Wegen der Berlinder Variante sind einige 1.
e4-Spieler der Spanischen Partie derzeit müde. Schottisch ist da eine
Alternative.} exd4 4. Nxd4 Nf6 5. Nxc6 bxc6 6. e5 Qe7 7. Qe2 Nd5 8. c4 Nb6 ({
Die andere Hauptvariante ist} 8... Ba6 9. b3 g6 (9... O-O-O)) 9. Nc3 Ba6 10.
Qe4 g6 ({Die Hauptvariante entsteht nach} 10... Qe6) 11. Bf4 (11. c5 Bxf1 12.
cxb6 f5 13. b7 Rb8 14. Qe3 Bxg2 15. Rg1 Bd5 16. Qxa7 Qxe5+ 17. Be3 $11) 11...
Qb4 {In der Folge entstehen sehr verwickelte Varianten.} (11... Bg7 12. c5 Bxf1
13. cxb6 Ba6 14. bxc7 O-O 15. O-O-O Rfe8 16. Rhe1 Bc8 17. Qc4 a5 18. Ne4 Ba6
19. Qd4 Qe6 20. Qxd7 Qxa2 21. Qxc6 a4 22. Nf6+ Bxf6 23. exf6 Qc4+ 24. Qxc4 Bxc4
25. Rxe8+ {1-0 (25) Lagumina,G (2265)-Verrascina,N (2140) Rome 1997}) 12. e6
Qxb2 (12... fxe6 13. Be5 Rg8 14. c5 Qxe4+ 15. Nxe4 Bxf1 16. Nf6+ Kf7 17. Rxf1
Bxc5 18. Nxg8 Kxg8 19. Bxc7 $11) 13. exd7+ Kxd7 14. Qd4+ ({Nicht} 14. Rd1+ $2
Bd6 15. Qd4 Rae8+ 16. Be3 c5 17. Qf6 Kc8 $19) 14... Nd5 (14... Bd6 15. Rb1
Rhe8+ 16. Be3 Qa3 17. c5 Bxf1 18. Kxf1 Rxe3 19. Qxe3 Qxc5 20. Qxc5 Bxc5 21. g3
$11) 15. cxd5 (15. Qxh8 $2 {verliert:} Qxa1+ 16. Kd2 Qb2+ 17. Kd1 Nxc3+ $19)
15... Qxa1+ 16. Kd2 Bxf1 (16... Qb2+ $2 17. Kd1 Bxf1 18. dxc6+ Kxc6 19. Qd5+
Kb6 20. Na4+ {und Weiß gewinnt.}) 17. dxc6+ Kxc6 {Erstaunlicherweise
überlebt Schwarz.} 18. Qd5+ Kb6 19. Na4+ (19. Rxf1 Qxf1 20. Na4+ Ka6 21. Qc6+
Ka5 22. Bxc7+ Kb4 23. a3+ Kxa3 24. Qc3+ Kxa4 25. Qa5+ Kb3 26. Qc3+ {führt
auch nur zum Dauerschach.}) (19. Qxa8 Qxc3+ 20. Kxc3 Bg7+ 21. Kb3 Rxa8 22. Rxf1
{und Weiß hat einen Bauern weniger.}) 19... Ka6 20. Qc6+ Ka5 21. Bxc7+ Kb4 22.
Qe4+ (22. Qb7+ Kc4 23. Qc6+ Kb4 $11) 22... Ka3 23. Qf3+ Kxa2 24. Nc3+ Ka3 25.
Na2+ $1 {Ein letzter Trick.} Ka4 ({Auf} 25... Kxa2 $2 {folgt} 26. Qd5+ {
und nach} Ka3 27. Qa5+ Kb3 (27... Kb2 $2 28. Be5+) 28. Qxa1 Bb4+ 29. Ke3 Rhe8+
30. Be5 (30. Kf4 Re1 31. Qd4 Rc8 $13) 30... f6 31. Qd1+ Kc4 32. Qxf1+ Kc5 33.
Qc1+ Kb5 {muss Weiß für den vollen Punkt allerdings noch arbeiten.}) 26. Qc6+
Ka3 27. Qf3+ Ka4 28. Qc6+ Ka3 29. Qf3+ 1/2-1/2

[Event "Dhaka"]
[Site "Dhaka"]
[Date "1995.??.??"]
[Round "8"]
[White "Handoko, Edhi"]
[Black "Krasenkow, Michal"]
[Result "1/2-1/2"]
[WhiteElo "2500"]
[BlackElo "2575"]
[Annotator "Chekhov,V"]
[PlyCount "83"]
[EventDate "1995.??.??"]
[EventType "tourn"]
[EventRounds "13"]
[EventCountry "BAN"]
[EventCategory "9"]
[SourceTitle "CBM 048"]
[Source "ChessBase"]
[SourceDate "1995.10.01"]
[SourceVersion "1"]
[SourceVersionDate "1995.10.01"]
[SourceQuality "1"]

1. e4 e5 2. Nf3 Nc6 3. d4 exd4 4. Nxd4 Nf6 5. Nxc6 bxc6 6. Bd3 d5 7. e5 Ng4 8.
O-O Bc5 9. Qe2 Qh4 $5 (9... Qe7 $5 10. Bf4 g5 11. Bg3 (11. Bd2 Nxe5 12. Re1 Bd6
13. f4 gxf4 14. Bxf4 Bc5+ 15. Kh1 Nxd3 16. Qxe7+ Bxe7 17. cxd3 Kd7 $15 {
Webb,L-Leylic,S/London/1994/0|1/57/}) 11... h5 12. Ba6 Bxa6 13. Qxa6 Qe6 14. h3
h4 15. Bh2 Nxh2 16. Kxh2 g4 $40 {Tomescu,V-Musat,A/Bucharest/1993/0|1/38/}) 10.
h3 Nh6 $5 (10... h5 $6 11. Nd2 Qg3 12. Nf3 h4 13. b4 Bb6 14. c4 dxc4 15. Be4 $1
Bd7 16. e6 fxe6 17. b5 O-O-O (17... O-O 18. hxg4 h3 19. Ng5 $16) 18. bxc6 Rdf8
(18... Be8 19. Qxc4 Bxf2+ 20. Kh1) 19. cxd7+ $18 {Krakops,M-Slucker/LAT/1992/
1|0/19/}) 11. Be3 Be7 (11... Bxe3 $6 12. Qxe3 Nf5 13. Qc5 $16) 12. Nd2 g5 $1 (
12... O-O 13. Nf3 Qh5 14. Nd4 Qxe2 15. Bxe2 Bd7 16. Bxh6 gxh6 17. Bg4 $1 $16)
13. Nf3 Qh5 14. Nxg5 Qxe2 15. Bxe2 Nf5 16. Nf3 $6 (16. Bd2 Bxg5 (16... Rg8 $6
17. Nf3 $16) (16... Nd4 $6 17. Bh5 $1 $16) 17. Bxg5 Rg8 18. Bf4 $6 (18. h4 $1
h6 19. Bf6 Nd4 20. Bd1 $1 Bh3 21. Kh2 $1 $16) 18... Nd4 19. Bd3 Bxh3 20. Bg3
Bf5 21. Rfd1 Bxd3 22. Rxd3 Ne2+ (22... Nxc2 23. Rc1 Nb4 24. Rb3 $16) 23. Kh2
Rb8 24. b3 Rg5 25. Bh4 Rxe5 26. Re1 Re6 $15) 16... Nxe3 17. fxe3 Rb8 18. b3 c5
$44 19. Rad1 Be6 20. e4 $1 d4 (20... dxe4 21. Nd2 e3 22. Nc4 Bg5 23. Rf3 $14)
21. Nd2 Bg5 22. Nc4 O-O (22... Ke7 $5) 23. Rf3 Bh6 24. Nb2 $1 Bg7 25. Bc4 Rb6
$1 (25... Bxe5 $6 26. Bxe6 fxe6 27. Rdf1 $16) 26. Bxe6 Rxe6 27. Nd3 Rc6 28. Rf5
$6 (28. c4 $142 $1 dxc3 29. Rc1 Rd8 30. Rxc3 Rd4 31. Rxc5 Rxc5 32. Nxc5 Bxe5
33. Kf1 $14 (33. Rd3 Bd6 $1)) 28... c4 29. Nb4 Re6 30. bxc4 Bxe5 31. Nd3 f6 (
31... Bg7 32. e5 $14) 32. c5 Bg3 33. Nf2 (33. Rf3 Bh4 $1) 33... Bxf2+ 34. Kxf2
Rxe4 35. Rd5 Rb8 (35... Rfe8 36. Rd2) 36. R1xd4 Rxd4 37. Rxd4 Rb2 $10 38. Rd2 (
38. Rd8+ Kf7 39. Rd7+ Kg6 40. Rxc7 Rxa2 41. Ke3 Rxc2 42. Kd4 Rxg2 $10) 38...
Rxa2 39. c6 Kf7 40. Rd7+ Ke6 41. Rxc7 Rxc2+ 42. Kf3 1/2-1/2

[Event "Montreal International"]
[Site "Montreal"]
[Date "1979.05.03"]
[Round "17"]
[White "Ljubojevic, Ljubomir"]
[Black "Karpov, Anatoly"]
[Result "0-1"]
[WhiteElo "2590"]
[BlackElo "2705"]
[Annotator "ChessBase"]
[PlyCount "100"]
[EventDate "1979.04.11"]
[EventType "tourn"]
[EventRounds "18"]
[EventCountry "CAN"]
[EventCategory "15"]
[SourceTitle "MCL"]
[Source "ChessBase"]
[SourceDate "1999.07.01"]
[SourceVersion "1"]
[SourceVersionDate "1999.07.01"]
[SourceQuality "1"]

1. e4 e5 2. Nf3 Nc6 3. d4 exd4 4. Nxd4 Bc5 5. Nf5 (5. Nb3 {main line}) 5... Qf6
$6 (5... d5 $1 6. Nxg7+ Kf8 7. Nh5 Qh4 8. Ng3 Nf6 9. Be2 Ne5 $44) 6. Nc3 Nge7
7. Ne3 O-O 8. g3 (8. Bd3 d6 (8... Ne5 9. Be2 N5g6 10. g3 d6 11. h4 Re8 12. h5
Nf8 13. Rh4 $14 {Timman,J-Huebner,R (3)/Sarajevo cm/1991/1-0/41/}) 9. O-O Ne5
10. Be2 Be6 $10) 8... Ne5 9. f4 N5g6 10. Bg2 c6 (10... Qb6 $6 11. Ncd5 Nxd5 12.
Nxd5 Qd6 13. e5 Re8 14. Kf1 Qa6+ 15. Qd3 Qxd3+ 16. cxd3 Bb6 17. Nxb6 axb6 18.
Kf2 f6 19. d4 $16 {^^}) 11. O-O d5 $1 12. Kh1 (12. e5 Nxe5 $1 13. fxe5 Qxe5 14.
Re1 Nf5 $17 (14... d4 $2 15. Ned5 dxc3+ 16. Be3 $1 $16)) 12... Bxe3 (12... d4
$2 13. Na4 dxe3 14. Nxc5 $16) 13. Bxe3 dxe4 14. Qc1 (14. Nxe4 Qxb2) 14... Bf5
15. Nxe4 Bxe4 $6 (15... Qe6 16. Nc5 (16. Nf2 $5 Bxc2 $2 17. Qxc2 Qxe3 18. Rae1
Qb6 19. f5 $18) 16... Qc8 $10 {/\b6,Bh3}) 16. Bxe4 Rfe8 17. Re1 b6 18. c3 {
/\Bd4} Nf5 19. Bf2 h5 20. Qc2 $16 {^^ Karpov} Nge7 21. Bf3 g6 22. Re5 Nd5 23.
Rae1 Rxe5 24. Rxe5 Ng7 25. c4 $1 (25. Bxd5 cxd5 26. Rxd5 Qc6 27. Qd3 $16) 25...
Ne7 26. Qa4 $2 (26. Qc3 $142 {Tal}) (26. Qd2 {/\Qd7} Ne6 (26... Nef5 27. Qd7
Rd8 28. Qxa7) 27. Qd7 Rd8 28. Rxe6 Rxd7 29. Rxf6 Kg7 30. Rxc6 $18 {Wade}) 26...
g5 $1 27. Qa3 $6 (27. Rxg5 $1 Qxb2 28. Kg2 f6 29. Rxg7+ Kxg7 30. Qd1 $16) (27.
c5 $16) 27... Ne6 28. Bxh5 Rd8 $132 29. Re2 gxf4 30. Qf3 Kf8 $1 31. Qe4 fxg3
32. hxg3 Qh6 33. Qh4 (33. g4 Rd1+ 34. Kh2 Qf4+ 35. Kg2 Qxe4+ 36. Rxe4 Rd2 $132)
33... Rd1+ (33... Nf5 34. Rxe6 $18) 34. Kg2 (34. Be1 $2 Nf5 $19) (34. Re1 $2
Rxe1+ 35. Bxe1 Qc1 $19) 34... Ng6 35. Bxg6 (35. Qh3 $2 Ngf4+ $19) 35... Qxg6
36. c5 $2 (36. b3 Qd3 37. Qh6+ Ke7 38. Qe3) 36... b5 $17 37. Qh8+ Ke7 38. Qe5 (
38. Qc8 Qd3 $1) 38... Rd5 39. Qe3 $2 (39. Qe4 $142 Qxe4+ 40. Rxe4 Rd2 $17)
39... Qb1 (39... Kf8 $5) 40. Qa3 Rh5 $1 41. Qxa7+ $2 (41. Be1 $142 Qh7 $1 42.
Qxa7+ Kf6 43. Rf2+ Kg6 $17) 41... Kf6 $19 42. Bg1 Rf5 $1 43. Rf2 Qe4+ 44. Kf1
Nd4 $1 45. Rxf5+ Qxf5+ 46. Bf2 (46. Kg2 Qf3+ 47. Kh2 Ne2) 46... Qd3+ 47. Kg1
Qd1+ 48. Kh2 Qe2 49. Kg1 (49. Kg2 Qf3+ 50. Kf1 (50. Kg1 Ne2+ 51. Kf1 Nxg3+ 52.
Kg1 Qh1#) 50... Qh1+ 51. Bg1 Nf3 $19) 49... Nf3+ 50. Kg2 Nd2 0-1

[Event "Montreal International"]
[Site "Montreal"]
[Date "1979.04.18"]
[Round "6"]
[White "Ljubojevic, Ljubomir"]
[Black "Spassky, Boris Vasilievich"]
[Result "1/2-1/2"]
[WhiteElo "2590"]
[BlackElo "2640"]
[Annotator "ChessBase"]
[PlyCount "43"]
[EventDate "1979.04.11"]
[EventType "tourn"]
[EventRounds "18"]
[EventCountry "CAN"]
[EventCategory "15"]
[SourceTitle "MCL"]
[Source "ChessBase"]
[SourceDate "1999.07.01"]
[SourceVersion "1"]
[SourceVersionDate "1999.07.01"]
[SourceQuality "1"]

1. e4 e5 2. Nf3 Nc6 3. d4 exd4 4. Nxd4 Nf6 5. Nxc6 bxc6 6. e5 Nd5 $6 7. c4 (7.
Bd3 Qh4 (7... d6 8. O-O Be7 9. exd6 cxd6 10. Be4 $1) (7... Bc5 8. Qg4 $1) 8.
O-O Bc5 9. Nd2 O-O 10. Ne4 Be7 11. Re1 d6 12. c4 Nb4 13. Nf6+ $1 Bxf6 14. Re4
Nxd3 15. Rxh4 Bxh4 16. Qxd3 dxe5 17. Qe4 Bf6 18. Qxc6 {Kopaev,N-Poliak,E/Kiev/
1946/1-0/}) 7... Nb6 8. Nc3 $2 (8. Bd3 Ba6 9. Qe2 (9. O-O Bxc4 10. Bxc4 Nxc4
11. Qg4 Nb6 12. Nc3 Nd5 13. Nxd5 cxd5 14. Bg5 Qb8 15. Rad1 Qb5 16. Rfe1 $36 {
Padevsky,N-Vitkovsky/1955/}) 9... Be7 10. O-O O-O 11. Nc3 Re8 12. Qg4 d5 13. e6
fxe6 14. Qxe6+ Kh8 15. Qh3 $40 {Chortkov-Utiatsky,A/Moscow/1962/}) 8... Qe7 9.
Qe2 Ba6 10. Qe4 Qe6 (10... Qb4 $6 11. a3 Qb3 12. Bd3 $1 Bxc4 13. Bc2 $1) 11. b3
Bb4 12. Bd2 Bxc3 13. Bxc3 d5 14. Qf3 (14. cxd5 cxd5 15. Qb4 Bxf1 16. Rxf1 Nd7
17. O-O-O c5 18. Qb7 Nb6) 14... dxc4 15. Be2 O-O 16. O-O Rad8 17. Rfe1 Rfe8 18.
Rac1 c5 19. Bf1 Nd5 20. bxc4 Nb4 $1 (20... Nxc3 $2 21. Qxc3 Rd4 22. Qa3 $1) 21.
Bxb4 (21. a3 Na2 $1) 21... cxb4 22. Qe3 1/2-1/2

[Event "London Phillips&Drew"]
[Site "London"]
[Date "1984.04.28"]
[Round "3"]
[White "Timman, Jan H"]
[Black "Karpov, Anatoly"]
[Result "0-1"]
[WhiteElo "2610"]
[BlackElo "2700"]
[Annotator "ChessBase"]
[PlyCount "52"]
[EventDate "1984.04.26"]
[EventType "tourn"]
[EventRounds "13"]
[EventCountry "ENG"]
[EventCategory "14"]
[SourceTitle "MCL"]
[Source "ChessBase"]
[SourceDate "1999.07.01"]
[SourceVersion "1"]
[SourceVersionDate "1999.07.01"]
[SourceQuality "1"]

1. e4 e5 2. Nf3 Nc6 3. d4 exd4 4. Nxd4 Nf6 5. Nxc6 bxc6 6. e5 Qe7 (6... Nd5 $2
7. c4 Nb6 8. Bd3 Ba6 9. Qe2 Be7 10. O-O O-O 11. Qg4 $16) 7. Qe2 Nd5 8. c4 Ba6
9. Qe4 (9. f4 Qb4+ 10. Kd1 Bc5 $17) (9. b3 Qh4 (9... O-O-O 10. g3 {-->
Kasparov-Karpov 1990 !!} (10. Qb2 {--> Ljubojevic-Seirawan}) (10. Bb2 {-->
Hort-Unzicker})) 10. Bb2 (10. a3 Nf4 11. Qe4 Ng6 12. Qe3 c5 13. Nc3 {-->
Karasev-Nasibullin} (13. g3 {--> Karasev-Alexandrov})) 10... Bb4+ 11. Kd1 Nf4
12. Qe3 Ne6 $15 {Gufeld-Vistaneckis,USSR 1955}) (9. Nd2 {--> 9.Qe4 Nf6 10.Qe2
Nd5 11.Nd2} Nb6 (9... Nf4 10. Qe4 Ng6 11. f4 O-O-O 12. b3 f6 13. Bb2 fxe5 14.
f5 $146 {Kozlov-Suleymanov,USSR 1969}) (9... Nb4 {--> Strauts-Shulman} 10. Nf3
c5 (10... d5 $2 11. a3 Bxc4 12. Qd1 Bxf1 13. Kxf1 Na6 14. Qa4 Nb8 15. Bg5 $16 {
Kopaev-Zhuhovicki,USSR 1945}) 11. a3 Nc6 12. Bd2 Qe6 13. Bc3 Be7 14. O-O-O f6
15. exf6 Qxe2 16. f7+ Kxf7 17. Bxe2 $10 {Barczay-Forintos,Hungary(ch) 1964}) (
9... g6 10. Nf3 (10. b3 Bg7 11. Bb2 O-O 12. O-O-O c5 $2 (12... Rab8 $13 {
Hennings-Savon, 1967}) 13. Ne4 $14) 10... Bg7 11. Bg5 f6 12. exf6 $16 {_|_
Barczay-Pogacs,Hungary(ch) 1964}) (9... O-O-O 10. Qe4 (10. b3 Nf4 {-->
Menzel-Boudre} (10... Re8 {--> Hunerkopf-Gohring})) 10... Nb6 {--> 9.Qe4 Nb6
10.Nd2 0-0-0 --> main line}) 10. b3 O-O-O (10... d5 11. exd6 cxd6 12. Bb2 f6
13. O-O-O Qxe2 14. Bxe2 $16 {_|_ Schmit-Radovici, 1964}) 11. Bb2 g6 (11... d6
12. exd6 Qxe2+ 13. Bxe2 $14 {_|_ Estrin-Goljak,USSR 1966}) 12. O-O-O (12. Ne4
Bg7 13. f4 Rhe8 14. Qd2 d6 $10 {<=> Lutikov-Nezhmetdinov,USSR 1952}) 12... Bg7
13. f4 Rhe8 14. Qf2 Bb7 $14 (14... d6 $6 15. c5 $1 Bxf1 16. Qxf1 dxc5 17. Qa6+
Kb8 18. Nc4 $16 {Narodnicki-Makarov,USSR 1962})) 9... Nb6 (9... Nf6 10. Qe2 Nd5
11. Nd2 (11. Qe4 $10 Nb6 (11... Nf6 $10) 12. Nc3 (12. Nd2 O-O-O (12... d5 {
--> Nethercot-De_La_Garza}) 13. b3 {--> Gavrilakis-Wahls --> main line}) 12...
O-O-O {--> Watanabe-Nickoloff --> main line}) 11... O-O-O (11... g6 {-->
Sveshnikov-Schussler}) 12. Qe4 Nb6 13. a4 d5 (13... Kb7 {--> Handoko-Kovacevic}
) 14. cxd5 Bxf1 15. d6 Rxd6 $1 16. Nxf1 Re6 17. f4 g5 $36 {--> Timman-Karpov,
Amsterdam}) 10. Nd2 (10. Bd3 Bxc4 $1 11. Bxc4 d5 $1 12. Bxd5 cxd5 $15) (10. Nc3
$10 O-O-O (10... f5 {--> Sveshnikov-Zaitsev}) 11. c5 Bxf1 12. cxb6 Ba6 13. bxc7
{/\Bf4+/= Randvir-Raisa, 1961} (13. bxa7 Kb7 14. Be3 {--> Watanabe-Nickoloff}))
10... O-O-O {--> 9.Nd2 0-0-0 10.Qe4 Nb6} (10... d5 {--> Nethercot-De_La_Garza})
11. c5 $2 (11. Be2 {--> Gobet-Litinskaya}) (11. b3 {--> Gavrilakis-Wahls}) (11.
a4 d5 {--> Timman-Karpov} (11... Kb7 {--> Handoko-Kovacevic})) 11... Bxf1 12.
cxb6 Ba6 13. bxa7 (13. bxc7 {--> Sanz-Fernandez_Garcia}) 13... Kb7 14. Nb3 (14.
Nf3) 14... f6 $1 (14... Qb4+ {--> Schmid-Krockenberger}) 15. f4 fxe5 16. fxe5
Re8 $1 17. Bf4 Qh4+ $1 18. g3 Qh5 19. Rc1 Ka8 $1 {/\Bb4} 20. h4 d5 $1 21. Qe3
g5 $1 22. Bxg5 Bb4+ 23. Kf2 (23. Nd2 Rxe5 $1 24. Qxe5 Re8) 23... Rhf8+ 24. Kg2
(24. Bf4 Rxe5 25. Qd4 Rxf4+ $1) 24... Rxe5 $1 25. Qxe5 Qf3+ 26. Kh2 Qf2+ (26...
Qf2+ 27. Kh3 Bc8+ 28. g4 Rf3+) 0-1